|
|
|
|
| LEADER |
00000nab a2200000 a 4500 |
| 001 |
vtls000681927 |
| 003 |
SK-MaSNL |
| 005 |
20260304003148.0 |
| 008 |
180206c1998 xo 0 slo |
| 015 |
|
|
|a SNBRB1998/12-33529
|
| 035 |
|
|
|a CLN000034094
|
| 040 |
|
|
|a SNKBUCL
|b slo
|c SNKBUCL
|e AACR2
|
| 041 |
0 |
|
|a slo
|
| 044 |
|
|
|a xo
|c SK
|
| 080 |
|
|
|a 262.5:282
|2 UDC-MRF-SK2
|
| 080 |
|
|
|a 282
|2 UDC-MRF-SK2
|
| 100 |
1 |
|
|a Kasper, Walter,
|d 1933-
|4 aut
|9 114950
|
| 245 |
1 |
0 |
|a Vízia obnovy cirkvi podľa II. vatikánskeho koncilu
|c Walter Kasper
|
| 610 |
|
7 |
|a Rímskokatolícka cirkev
|x koncily
|2 snkbucl
|9 1281292
|
| 610 |
2 |
7 |
|a Katolícka cirkev.
|b Vatikánsky koncil
|n (2. :
|d 1962-1965)
|2 snkbucl
|
| 655 |
|
7 |
|a články z novín a časopisov
|2 snkbucl
|9 267496
|
| 773 |
0 |
|
|t Listy
|g Roč. 11, č. 6 (1998), s. 12-16
|
| 850 |
|
|
|a Slovenská národná knižnica v Martine
|
| 852 |
|
|
|a SNK
|b KIS3GCP
|
| 958 |
|
|
|a RBX
|
| 999 |
|
|
|c 2545950
|d 2547880
|